| 000 | 00817cam a2200193 4500 | ||
|---|---|---|---|
| 001 | WB3719-08 | ||
| 008 | 000000n2001 000 0 eng u | ||
| 035 | _a(Sirsi) u112657 | ||
| 245 | _aRIBA plans fee shake up | ||
| 260 | _c2001 | ||
| 490 |
_aBuilding Design _v(1486) 11 May 2001, 2(1) |
||
| 520 | _aThe RIBA is drawing up plans to change the way architects earn money. Under the new proposals fees will be linked to "added value". In other words, an architect will be paid according to the increase in value of a building or plot of land that has resulted from his/her work. The proposal is due to be discussed at RIBA's next council meeting. | ||
| 590 | _aWB | ||
| 650 | _aRIBA | ||
| 650 | _aARCHITECTS' FEES | ||
| 650 | _aADDED VALUE | ||
| 690 | _aBUILT ENVIRONMENT-CONSTRUCTION DESIGN | ||
| 942 | _n0 | ||
| 999 |
_c67057 _d67057 |
||